000 00807nam a22002897a 4500
001 BR9001837
003 BR-BrBNA
005 20230928093426.0
007 ta
008 230509b bl.||||| |||| 00| 0 por d
040 _aBR-BrBNA
_bpor
_cBiblioteca Nacional de Agricultura
041 _a(Por)
072 _aQ02
_b0230
090 _ 0230 BR9001837
100 1 _aPayne, J.H.
245 1 _aOperacoes unitarias na producao de acucar de cana
260 3 _aSao Paulo, SP (Brasil):
_bNobel,
_c1989.
300 _a245 p.
500 _a6 ref.; Translated of: Unit operations in cane sugar production
650 _aCANA DE ACUCAR
650 _aACUCAR
650 _aTECNOLOGIA DE ALIMENTO
650 _aREFINACAO
650 _aINDUSTRIALIZACAO
909 _a202309
_bLucia
_c55
_dLucia Elande
942 _cBK
999 _c44914
_d44914